Manual de actualización y reparación de pcs
Guardado en:
| Autor principal: | |
|---|---|
| Formato: | Libro |
| Lenguaje: | español |
| Publicado: |
Ciudad de México
Prentice Hall
1998
|
| Materias: | |
| Etiquetas: |
Agregar Etiqueta
Sin Etiquetas, Sea el primero en etiquetar este registro!
|
MARC
| LEADER | 00000nam a2200000 a 4500 | ||
|---|---|---|---|
| 001 | UCN8831 | ||
| 003 | CL-VaPUC | ||
| 008 | 011123e19980000MX |||||||||||||||||spa|d | ||
| 082 | 0 | 4 | |a 004 |b MUE |2 21 |
| 100 | |a Mueller, Scott |e autor |9 465376 | ||
| 245 | 1 | 0 | |a Manual de actualización y reparación de pcs |
| 300 | |a 1112 p | ||
| 942 | |c BK | ||
| 945 | |d 20011123 00:00:00 |a vberengu | ||
| 260 | |a Ciudad de México |b Prentice Hall |c 1998 | ||
| 500 | |a Incluye cd | ||
| 650 | 0 | |a Computadores |9 258188 | |
| 650 | 7 | |a REPARACION |2 CL-VaPUC |9 465377 | |
| 650 | 0 | |a Mantenimiento |9 271710 | |
| 583 | |a last modification |c 20011123 00:00:00 |k Rodrigo Vera | ||
| 999 | |c 298575 |d 298573 | ||
| 952 | |0 0 |1 0 |4 0 |6 004_000000000000000_MUE_1998 |7 0 |8 X |9 354255 |a BIBING |b BIBING |d 2019-11-21 |i 3771814 |o 004 MUE 1998 |p 3771814 |r 2025-01-20 |w 2019-11-21 |y BK_X |k EIE | ||